| 000 | 00369nam a2200145Ia 4500 | ||
|---|---|---|---|
| 008 | 230917s9999||||xx |||||||||||||| ||und|| | ||
| 040 |
_e79144 _aMAIN |
||
| 041 | _aEnglish | ||
| 082 | _a346.086 K96E | ||
| 100 | _aKumar, H L | ||
| 245 | 0 | _aEmployees state insurance: law and procedures | |
| 260 |
_aDelhi _bUniversal Law _c1995 |
||
| 300 | _axxiv, 285 p. | ||
| 942 | _cBK | ||
| 999 |
_c90430 _d90430 |
||